000 00590nam a2200169Ia 4500
008 090201s9999 xx 000 0 und d
010 _aKPL-42920
040 _bमराठी
041 _aमराठी
082 _a6701
_b42920
100 _aसौ.वंदना पोंक्षे
245 _aकिती लहान किती महान
_cसौ.वंदना पोंक्षे
260 _c2004
_bरविराज प्रकाशन
300 _a82
_bमोठा
600 _aकिती लहान किती महान
942 _cBOOK
999 _c207501
_d207501